1317 1682 1335 1454 1732 1033 1681 1722 1733 1763 1361 1899 1942 1469 1822 1078 1122 1351 1699 1825 1837 1575 1671 1946 1120 1116 1959 1456 1863 1860 1133 1824 1697 1713 1980 1826 1395 1333 1696 1470 1988 1298 1601 1847 1680 1149 1643 1069 1147 1734 1320 1942 1960 1781 1554 1472 1838 1488 1525 1903 1039 1018 1024 1021 1870 1297 1314 1905 1515 1929 1937 1611 1171 1213 1432 1902 1167 1154 1007 1363 1931 1066 1900 1518 1656 1484 1848 1366 1194 1716 1695 1098 1537 1053 1427 1421 1076 1602 1457 BCNSPRNW ULIB Ver.6.0+V

เปลี่ยนเป็นภาษาไทย

Change to English
 แสดงรายละเอียดบรรณานุกรม
  กลับหน้าหลัก

Brief Record : Get Marc (ISO 2709) : E-mail record : QR code < ปิดหน้าต่าง
LEADER : 00000nam 2200000uu 4500
001    13399129145
003     ULIB
008    250718s2023||||th 000 0 tha d
020    ^a9781506288291
050 0  ^aPE1128^bL887B
100 1  ^aLougheed, Lin^eAuthor
245 1  ^aBarron s the trusted name in test prep :^bIELTS Premium /^cLin Lougheed
246 3  ^aBarron s IELTS Premium
246 3  ^aIELTS Premium
246 3  ^a6 practice tests + comprehensive review
250    ^a7th ed.
260    ^aEnglish :^bBarron s Educational Services,^c2023
300    ^avi, 490 pages :^btables ;^c28 cm
650  0 ^aEnglish language
650  0 ^aEnglish language^xExaminations
650  0 ^aEnglish language^xExaminations, questions, etc
650  0 ^aInternational English Language Testing System
945    ^p1147^l0^i011900
999    ^aประนอม เกษจรัล
รายการนี้ยังไม่มีแท็ก
คุณยังไม่ได้ล็อกอิน คุณสามารถมีกิจกรรมร่วมกับเว็บไซต์ได้ แต่ต้องล็อกอินก่อน ::
  ล็อกอิน

รายการสื่อสารสนเทศ

ลำดับที่ ประเภท เลขเรียก/บาร์โค้ด สถานที่ สถานะ
1. การศึกษาทั่วไป
หนังสือสำรอง
สถานะ=หนังสือสำรอง
PE1128 L887B ฉ.1 
  Barcode: 011900
ห้องสมุดวิทยาเขตสวรรค์ประชารักษ์
►หนังสือทั่วไป
บนชั้น

รายการใกล้เคียง
    หัวเรื่อง [English language]
    หัวเรื่อง [International English Language Testing System]

BibComment


ยังไม่เคยถูกคอมเมนท์

คอมเมนท์ทรัพยากรรายการนี้
  คอมเมนท์: Barron s the tru..


 Copyright 2026. Bcnsprnw @Library